000 00471nam a22001697a 4500
003 NUST - PNEC
005 20170116181157.0
008 160113b xxu||||| |||| 00| 0 eng d
020 _a-
040 _cLIBRARY
082 _a297.122 SHA
100 _916051
_aShahzado, Shaikh
245 _aThe divine dynamics : al-Fiil : the elephant
_cShahzado Shaikh
260 _aLarkana:
_bMission Unto Light International;
650 _916052
_aIslam
_xGeneral
942 _2ddc
_cBK
999 _c71276
_d71276